The Masked Singer UK - Trivia - Statistics

General Stats
  • This quiz has been taken 41 times
  • The average score is 13 of 25
Answer Stats
Hint Answer % Correct
Jonathan Ross's most common guess Mary Berry
77%
The show's first winner, and their identity Queen Bee
77%
Host Joel Dommett
73%
American panellist who was on the UK panel in Series 1 Ken Jeong
73%
The spinoff show that ran for two series in 2021 and 2022 The Masked Dancer
73%
Contestant who hinted "I am CeeLo Green", who turned out to be CeeLo Green Monster
68%
The show's first winner, and their identity Nicola Roberts
64%
The Strictly Come Dancing judges who have competed on the show or its spinoff Shirley Ballas
64%
Masks comprising the show's first duo Cat
59%
Contestant who stormed off stage after being eliminated, and their identity Macy Gray
59%
Series 6's new panellist Maya Jama
59%
Rockhopper's identity, who also appeared on the US and Australian versions of the show Michelle Williams
59%
The show's first eliminated contestant, and their identity Butterfly
55%
The Strictly Come Dancing judges who have competed on the show or its spinoff Craig Revel Horwood
55%
Richie Sambora's character, who at one point played the guitar during a performance Jacket Potato
55%
Masks comprising the show's first duo Mouse
55%
The show's first eliminated contestant, and their identity Patsy Palmer
45%
The Strictly Come Dancing judges who have competed on the show or its spinoff Motsi Mabuse
41%
Contestant who stormed off stage after being eliminated, and their identity Toad in the Hole
41%
The Strictly Come Dancing judges who have competed on the show or its spinoff Bruno Tonioli
36%
Other ITV show which has had two special episodes I'm a Celebrity
36%
Spice Girls song performed by Doughnuts Spice Up Your Life
36%
Series 2 contestant who the host thought was their spouse, and their actual identity Sophie Ellis-Bextor
27%
Series 2 contestant who the host thought was their spouse, and their actual identity Alien
23%
Series 6's new YouTube spinoff show The After Mask
23%
No matching quizzes found
Score Distribution
Percent of People with Each Score
Percentile by Number Answered
Your Score History
You have not taken this quiz